00498nam a2200157Ia 4500003000900000008004100009040001600050080001500066110004300081245008600124260005200210300000900262650004100271650001600312650001200328IN-BaIIA211028s9999 xx 000 0 eng d cIIA Library a551.5bUSA aUnited States.. Armed Forces Institute 0aWeather and climatecUnited States Armed Forces Institute  aWisconsinbUnited States Armed Forces Institute a66p. aAstronomy and Astrophysics Thesaurus aClimatology aWeather